1844 1914 1991 1997 1658 1307 1483 1366 1805 1145 1411 1607 1214 1038 1677 1655 1427 1991 1615 1359 1006 1740 1388 1162 1527 1648 1292 1349 1481 1278 1580 1678 1501 1425 1655 1390 1451 1150 1236 1032 1619 1701 1936 1418 1437 1574 1629 1024 1919 1246 1234 1233 1766 1525 1696 1765 1237 1226 1514 1588 1340 1969 1413 1099 1443 1905 1982 1363 1522 1749 1444 1532 1978 1853 1403 1443 1603 1713 1405 1346 1158 1525 1389 1887 1775 1128 1148 1900 1420 1619 1193 1566 1474 1811 1090 1727 1408 1389 1139 BCNSPRNW ULIB Ver.6.0+V

เปลี่ยนเป็นภาษาไทย

Change to English
 แสดงรายละเอียดบรรณานุกรม
  กลับหน้าหลัก

Brief Record : Get Marc (ISO 2709) : E-mail record : QR code < ปิดหน้าต่าง
LEADER : 00000nam 2200000uu 4500
001    13399121015
003     ULIB
008    020711s2549 th a 000 0 tha d
020    9749666984
050    HA62^bส786ร
100    สุธีระ ประเสริฐสรรพ์
245    รู้จักวิจัย...ทำให้เป็น /^cสุธีระ ประเสริฐสรรพ์
250    พิมพ์ครั้งที่ 2
260    กรุงเทพฯ :^bสำนักงานกองทุนสนับสนุนการวิจัย,^c2549
300    160 หน้า
650    ทำวิจัย
650    วิจัย
945    ^p170^l0^i14533
999    ^aทศพร เกษรทอง
รายการนี้ยังไม่มีแท็ก
คุณยังไม่ได้ล็อกอิน คุณสามารถมีกิจกรรมร่วมกับเว็บไซต์ได้ แต่ต้องล็อกอินก่อน ::
  ล็อกอิน

รายการสื่อสารสนเทศ

ลำดับที่ ประเภท เลขเรียก/บาร์โค้ด สถานที่ สถานะ
1. วิทยาศาสตร์การแพทย์ และสุขภาพ
วิทยาศาสตร์การแพทย์ และสุขภาพ
HA62 ส786ร ฉ.1 
  Barcode: 14533
ห้องสมุดวิทยาเขตสวรรค์ประชารักษ์
►หนังสือทั่วไป
บนชั้น

รายการใกล้เคียง
    ผู้แต่ง [สุธีระ ประเสริฐสรรพ์]

    หัวเรื่อง [ทำวิจัย]
    หัวเรื่อง [วิจัย]

BibComment


ยังไม่เคยถูกคอมเมนท์

คอมเมนท์ทรัพยากรรายการนี้
  คอมเมนท์: รู้จักวิจัยทำให้เ..


 Copyright 2026. Bcnsprnw @Library